| 000 -LEADER |
| fixed length control field |
00637cam a22002055i 4500 |
| 001 - CONTROL NUMBER |
| control field |
20604770 |
| 005 - DATE AND TIME OF LATEST TRANSACTION |
| control field |
20201006135043.0 |
| 008 - FIXED-LENGTH DATA ELEMENTS--GENERAL INFORMATION |
| fixed length control field |
180727s2018 ctu 000 0 eng |
| 010 ## - LIBRARY OF CONGRESS CONTROL NUMBER |
| LC control number |
2018953243 |
| 020 ## - INTERNATIONAL STANDARD BOOK NUMBER |
| International Standard Book Number |
9780300230048 |
| 041 ## - LANGUAGE CODE |
| Language code of text/sound track or separate title |
eng |
| 042 ## - AUTHENTICATION CODE |
| Authentication code |
pcc |
| 080 ## - UNIVERSAL DECIMAL CLASSIFICATION NUMBER |
| Universal Decimal Classification number |
94 L-20 |
| 100 1# - MAIN ENTRY--PERSONAL NAME |
| Personal name |
Lambert, Andrew. |
| 9 (RLIN) |
9602 |
| 245 10 - TITLE STATEMENT |
| Title |
Seapower states : |
| Remainder of title |
maritime culture, continental empires and the conflict that made the modern world / |
| Statement of responsibility, etc. |
Andrew Lambert. |
| 264 #1 - PRODUCTION, PUBLICATION, DISTRIBUTION, MANUFACTURE, AND COPYRIGHT NOTICE |
| Place of production, publication, distribution, manufacture |
New Haven, CT : |
| Name of producer, publisher, distributor, manufacturer |
YUP New Haven and London, |
| Date of production, publication, distribution, manufacture, or copyright notice |
2018. |
| 300 ## - PHYSICAL DESCRIPTION |
| Extent |
399 p. |
| Other physical details |
22 cm. |
| 653 ## - INDEX TERM--UNCONTROLLED |
| keyword |
საზღვაო ისტორია |
| 942 ## - ADDED ENTRY ELEMENTS (KOHA) |
| Source of classification or shelving scheme |
|
| Koha item type |
წიგნი |